01006nam a22002297a 450000500170000000800410001702000180005802000150007605000250009108200170011610000320013324000390016524501450020425000180034926000450036730000610041250000570047350501400053065000290067070000320069970000450073120231102152055.0120625s2013 mx adb 001 0 spa d a9786074819489 a607481948304aHF1009.5bC9518 2013 a380.1bC858m1 aCzinkota, Michael R.eautor10aInternational marketinglEspañol10aMarketing internacionalc/ Michael R. Czinkota y Ilkka A. Ronkainen ; traduccion Guadalupe Meza y Staines, Magda Elizabeth Treviño Rosales a10a edición aMéxico : b : Cengage Learningc, 2013 axxxii, 680 páginasb: ilustraciones, gráficas, mapas aIncluye: índice de nombres e índice temático 2 aEl entorno del marketing internacional Cómo encontrar clientes global La mezcla del marketing global Liderazgo en el marketing Global14aMERCADO DE EXPORTACIÓN1 aRonkainen, Ilkka A.eautora1 aMeza y Staines, Ma. Guadalupeetraductor